| 000 | 00663nam a22002177a 4500 | ||
|---|---|---|---|
| 005 | 20140310183639.0 | ||
| 008 | 131214b xxu||||| |||| 00| 0 eng d | ||
| 020 | _a9780240818139 | ||
| 050 |
_aQA 76.76.H94 _b.D249 2012 |
||
| 100 | _aDavid, Matthew. | ||
| 245 |
_aHTML5 Mobile Websites : _bturbocharging HTML5 with jQuery mobile, Sencha touch, and other frameworks / _cMatthew David. |
||
| 260 |
_aOxford : _bFOCAL PRESS, _c2011. |
||
| 300 |
_axi, 236 p. : _bcol. ill. ; _c25 cm. |
||
| 504 | _aIncludes Index. | ||
| 521 | _aIT | ||
| 650 | _aJavaScript. | ||
| 650 | _ajQuery. | ||
| 650 | _ajQuery Mobile. | ||
| 942 |
_2lcc _cBK _kFOR |
||
| 999 |
_c25785 _d25785 |
||